| 000 | 00662nam a22002177a 4500 | ||
|---|---|---|---|
| 005 | 20170124110234.0 | ||
| 010 | _a165671 | ||
| 020 | _c15.00 | ||
| 035 | _a165671 | ||
| 037 | _bCen Lib/Ret | ||
| 040 |
_aDPL _bEN |
||
| 082 |
_a730.95443 _bSHA |
||
| 100 |
_aSha, Umakant Premanand _941890 |
||
| 245 |
_aSculptures from samalaji and roda in baroda museum / _cby Umakant Premanand Shah |
||
| 260 |
_aDelhi _bMunshiram Manoharlal |
||
| 270 |
_bDelhi _aB-1165, nai sarak _e110006 |
||
| 300 |
_avii, 136p.: _c26cm(Hb) _bill. |
||
| 650 |
_aArchaeological museum _941891 |
||
| 650 |
_aSculptures _941892 |
||
| 942 |
_2ddc _cEN _h730.95443 _mSHA |
||
| 999 |
_c134830 _d134830 |
||